[Event "NAYCC U14"]
[Site "Toronto CAN"]
[Date "2013.08.16"]
[Round "4"]
[White "Cheung, Lukas"]
[Black "Hua, Justin"]
[Result "1-0"]
[WhiteElo "1604"]
[BlackElo "1210"]
[PlyCount "99"]
[GameId "2160767909284071"]
[EventDate "2013.08.14"]
[EventType "swiss"]
[EventRounds "9"]
[EventCountry "CAN"]
[SourceTitle "hb 2013"]

1. d4 d5 2. c4 c6 3. Nc3 Nf6 4. Nf3 Bf5 5. Bg5 e6 6. c5 Be7 7. e3 Nbd7 8. b4 b6 9. Be2 Ne4 10. Nxe4 Bxe4 11. Bf4 Nf6 12. h3 O-O 13. O-O Nh5 14. Bh2 Bg5 15. Ne5 f6 16. Nxc6 Qd7 17. b5 g6 18. Bxh5 gxh5 19. a4 Qg7 20. Kh1 Bxe3 21. f3 Bf5 22. f4 Be4 23. Ra2 bxc5 24. dxc5 Bxc5 25. Qxh5 Qg6 26. Qe2 Rfe8 27. Rc1 Bd3 28. Qf3 Bc4 29. Rac2 a6 30. b6 Bxb6 31. Rxc4 dxc4 32. Ne7+ Rxe7 33. Qxa8+ Kg7 34. Qxa6 Bd4 35. Qxc4 e5 36. Re1 h5 37. Qb4 Rc7 38. fxe5 Rc2 39. Qb7+ Qf7 40. Qxf7+ Kxf7 41. e6+ Ke7 42. Bd6+ Ke8 43. Rb1 Rc8 44. Rb8 Rxb8 45. Bxb8 Bb6 46. Bd6 f5 47. Kh2 h4 48. g3 hxg3+ 49. Kxg3 Bd8 50. Kf4 1-0

[Event "NAYCC U14"]
[Site "Toronto CAN"]
[Date "2013.08.16"]
[Round "4"]
[White "D'Alonzo, Joseph"]
[Black "Katznelson, Roy"]
[Result "1-0"]
[WhiteElo "1228"]
[BlackElo "998"]
[PlyCount "85"]
[GameId "2160767909284072"]
[EventDate "2013.08.14"]
[EventType "swiss"]
[EventRounds "9"]
[EventCountry "CAN"]
[SourceTitle "hb 2013"]

1. e4 c6 2. d4 d5 3. exd5 cxd5 4. Bd3 Nf6 5. Nf3 e6 6. O-O Bd6 7. Re1 O-O 8. Bg5 Nc6 9. c3 h6 10. Bh4 Re8 11. Nbd2 e5 12. dxe5 Nxe5 13. Nxe5 Bxe5 14. Nf3 Bd6 15. Qc2 Be7 16. Re2 g5 17. Nxg5 hxg5 18. Bxg5 Ne4 19. Bxe7 Qxe7 20. Rae1 Bf5 21. f3 Qh4 22. fxe4 dxe4 23. Bxe4 Bg4 24. Bh7+ Kf8 25. Rxe8+ Rxe8 26. Rxe8+ Kxe8 27. Qe4+ Kf8 28. Bf5 Qd8 29. Bxg4 Qd2 30. Qe2 Qc1+ 31. Kf2 Qf4+ 32. Bf3 Qxh2 33. Bxb7 Qf4+ 34. Bf3 Qh4+ 35. g3 Qh2+ 36. Bg2 a5 37. Qb5 Qh6 38. Qc5+ Kg7 39. Qe5+ f6 40. Qe7+ Kg6 41. Be4+ Kg5 42. Qc5+ Kg4 43. Qf5# 1-0

[Event "NAYCC U14"]
[Site "Toronto CAN"]
[Date "2013.08.16"]
[Round "4"]
[White "Doknjas, John"]
[Black "Bian, Alex"]
[Result "0-1"]
[WhiteElo "2086"]
[BlackElo "2059"]
[PlyCount "50"]
[GameId "2160767909284073"]
[EventDate "2013.08.14"]
[EventType "swiss"]
[EventRounds "9"]
[EventCountry "CAN"]
[SourceTitle "hb 2013"]

1. d4 Nf6 2. c4 e6 3. Nc3 Bb4 4. e3 b6 5. Nge2 Bb7 6. a3 Bxc3+ 7. Nxc3 O-O 8. d5 d6 9. Be2 Nbd7 10. b4 a5 11. Rb1 Qe7 12. e4 exd5 13. exd5 Ne4 14. Bd2 Rfe8 15. Rb2 axb4 16. axb4 Qf6 17. Nxe4 Qxb2 18. Bc1 Qxb4+ 19. Bd2 Qa4 20. Nc3 Qxd1+ 21. Nxd1 b5 22. Ne3 bxc4 23. O-O Ra2 24. Rd1 c3 25. Bxc3 Rxe2 0-1

[Event "NAYCC U14"]
[Site "Toronto CAN"]
[Date "2013.08.16"]
[Round "4"]
[White "Forsyth, Dane"]
[Black "Huang, Patrick"]
[Result "0-1"]
[WhiteElo "1180"]
[BlackElo "1632"]
[PlyCount "142"]
[GameId "2160767909284074"]
[EventDate "2013.08.14"]
[EventType "swiss"]
[EventRounds "9"]
[EventCountry "CAN"]
[SourceTitle "hb 2013"]

1. d4 Nf6 2. Nc3 c5 3. e3 cxd4 4. exd4 g6 5. Nf3 Bg7 6. Bc4 O-O 7. O-O d6 8. h3 a6 9. Re1 b5 10. Bd5 Nxd5 11. Nxd5 e6 12. Nf4 Bb7 13. c3 Nd7 14. Re3 Qb6 15. Ne1 b4 16. a4 bxc3 17. bxc3 Rac8 18. a5 Qa7 19. Ba3 Rc6 20. Rd3 Rfc8 21. Qg4 d5 22. Bb2 Nf6 23. Qe2 Ne4 24. Ra3 Qb8 25. Rb3 Qc7 26. Rf3 Rc4 27. Rb4 Qd7 28. Nfd3 f6 29. Rb6 R8c6 30. Rxc6 Bxc6 31. Nc1 Bb5 32. Qc2 Qc7 33. Ne2 Qxa5 34. Nc1 Qc7 35. Nb3 Ba4 36. Ba1 Qb6 37. Qc1 Bxb3 38. Qb2 a5 39. Nc2 a4 40. Na3 Rc6 41. c4 Bxc4 42. Nxc4 dxc4 43. Qc2 f5 44. Ra3 Bxd4 45. Bxd4 Qxd4 46. Rxa4 Qd3 47. Ra8+ Kf7 48. Ra7+ Kf6 49. Qb2+ c3 50. Qb7 Qd1+ 51. Kh2 Qd6+ 52. Kg1 Ke5 53. Qg7+ Nf6 54. Ra5+ Rc5 55. f4+ Kxf4 56. Qh6+ g5 57. Ra4+ Ke5 58. Ra1 Qd4+ 59. Kh1 Qe3 60. Qf8 Nd7 61. Qh8+ Kf4 62. Rf1+ Ke4 63. Qa8+ Ke5 64. Qh8+ Kd6 65. Qa8 c2 66. Qa6+ Ke7 67. Qa1 Kf7 68. Qh8 c1=Q 69. Qxh7+ Ke8 70. Qg6+ Kd8 71. Qg8+ Kc7 0-1

[Event "NAYCC U14"]
[Site "Toronto CAN"]
[Date "2013.08.16"]
[Round "4"]
[White "Graif, William"]
[Black "Bellissimo, Joseph"]
[Result "1/2-1/2"]
[WhiteElo "2096"]
[BlackElo "1999"]
[PlyCount "53"]
[GameId "2160767909284076"]
[EventDate "2013.08.14"]
[EventType "swiss"]
[EventRounds "9"]
[EventCountry "CAN"]
[SourceTitle "EXT 2022"]
[Source "ChessBase"]
[SourceDate "2021.10.06"]
[SourceVersion "1"]
[SourceVersionDate "2021.10.06"]
[SourceQuality "1"]

1. e4 e6 2. d4 d5 3. Nd2 Nf6 4. e5 Nfd7 5. Bd3 c5 6. c3 Nc6 7. Ne2 cxd4 8. cxd4 f6 9. Nf4 Nxd4 10. Qh5+ Ke7 11. Ng6+ hxg6 12. exf6+ Nxf6 13. Qxh8 Kf7 14. Qh4 e5 15. Nf3 Nxf3+ 16. gxf3 Bf5 17. Bxf5 gxf5 18. Bg5 Qa5+ 19. Kf1 Be7 20. Rc1 Qxa2 21. Rc7 Qa5 22. Rc2 d4 23. Kg2 Rd8 24. Rhc1 d3 25. Rc7 Rd4 26. Qh8 Qb4 27. R1c5 1/2-1/2

[Event "NAYCC U14"]
[Site "Toronto CAN"]
[Date "2013.08.16"]
[Round "4"]
[White "Guo, Richard"]
[Black "Dommalapati, Abhinay"]
[Result "1/2-1/2"]
[WhiteElo "1766"]
[BlackElo "1945"]
[PlyCount "75"]
[GameId "2160767909284077"]
[EventDate "2013.08.14"]
[EventType "swiss"]
[EventRounds "9"]
[EventCountry "CAN"]
[SourceTitle "hb 2013"]

1. e4 e6 2. d4 d5 3. Nc3 Nf6 4. exd5 exd5 5. Nf3 c6 6. Bd3 Bd6 7. O-O O-O 8. Bg5 Bg4 9. h3 Bh5 10. Re1 Nbd7 11. Be2 Qc7 12. Ne5 Bxe2 13. Qxe2 Rfe8 14. Bxf6 Nxf6 15. f4 Ne4 16. Nxe4 dxe4 17. Qc4 Kf8 18. Rxe4 f6 19. Rf1 c5 20. Kh1 cxd4 21. Rxd4 Bxe5 22. fxe5 Qxc4 23. Rxc4 Rxe5 24. a4 Rd8 25. Rf2 h5 26. b4 Ke7 27. Kh2 Rd7 28. Rf3 g5 29. a5 h4 30. Rf2 Re1 31. g3 hxg3+ 32. Kxg3 a6 33. Kg2 Ke6 34. h4 Re5 35. hxg5 Rxg5+ 36. Kf1 Re5 37. Re2 Rxe2 38. Kxe2 1/2-1/2

[Event "NAYCC U14"]
[Site "Toronto CAN"]
[Date "2013.08.16"]
[Round "4"]
[White "Handigol, Abhishek"]
[Black "Pillai, Kadhir A"]
[Result "1/2-1/2"]
[WhiteElo "2023"]
[BlackElo "2134"]
[PlyCount "62"]
[GameId "2160767909284078"]
[EventDate "2013.08.14"]
[EventType "swiss"]
[EventRounds "9"]
[EventCountry "CAN"]
[SourceTitle "EXT 2022"]
[Source "ChessBase"]
[SourceDate "2021.10.06"]
[SourceVersion "1"]
[SourceVersionDate "2021.10.06"]
[SourceQuality "1"]

1. e4 c6 2. d4 d5 3. Nc3 dxe4 4. Bc4 Nf6 5. f3 e3 6. Bxe3 e6 7. Nge2 Nbd7 8. O-O Nb6 9. Bb3 Be7 10. Qd2 O-O 11. Nf4 Nbd5 12. Ncxd5 Nxd5 13. Nxd5 cxd5 14. c4 dxc4 15. Bxc4 Bd6 16. Bf4 a6 17. Rac1 b5 18. Bd3 Bb7 19. Rfd1 Bd5 20. Be4 Qb8 21. Bxd6 Qxd6 22. Rc5 Rac8 23. Bxh7+ Kh8 24. Rxc8 Rxc8 25. Bb1 Qb6 26. Qf4 Kg8 27. Qh4 g6 28. b3 Bb7 29. Be4 Bxe4 30. fxe4 e5 31. Qh3 Rc2 1/2-1/2

[Event "NAYCC U14"]
[Site "Toronto CAN"]
[Date "2013.08.16"]
[Round "4"]
[White "Karp, Eli"]
[Black "Yu, Wenlu"]
[Result "1-0"]
[WhiteElo "1843"]
[BlackElo "2002"]
[PlyCount "73"]
[GameId "2160767909284079"]
[EventDate "2013.08.14"]
[EventType "swiss"]
[EventRounds "9"]
[EventCountry "CAN"]
[SourceTitle "EXT 2022"]
[Source "ChessBase"]
[SourceDate "2021.10.06"]
[SourceVersion "1"]
[SourceVersionDate "2021.10.06"]
[SourceQuality "1"]

1. d4 Nf6 2. Nf3 g6 3. Bf4 Bg7 4. h3 O-O 5. e3 d5 6. Bd3 c5 7. c3 c4 8. Bc2 Nc6 9. Nbd2 b5 10. Ne5 Nxe5 11. Bxe5 Nd7 12. Bxg7 Kxg7 13. Nf3 Bb7 14. h4 h5 15. Ng5 Nf6 16. Qe2 Re8 17. O-O-O a5 18. f3 Bc6 19. g4 Qd7 20. gxh5 Nxh5 21. Rdg1 Rg8 22. f4 b4 23. Nxf7 Nxf4 24. exf4 Kxf7 25. f5 bxc3 26. fxg6+ Ke8 27. bxc3 Qd6 28. h5 Rb8 29. h6 Qa3+ 30. Kd2 Rb2 31. Rc1 Ba4 32. h7 Rf8 33. g7 Bxc2 34. gxf8=Q+ Kd7 35. Qexe7+ Qxe7 36. Qxe7+ Kxe7 37. Rxc2 1-0

[Event "NAYCC U14"]
[Site "Toronto CAN"]
[Date "2013.08.16"]
[Round "4"]
[White "Kong, Aaron"]
[Black "Aghamalian, Derick"]
[Result "1/2-1/2"]
[WhiteElo "1154"]
[BlackElo "1722"]
[PlyCount "47"]
[GameId "2160767909284080"]
[EventDate "2013.08.14"]
[EventType "swiss"]
[EventRounds "9"]
[EventCountry "CAN"]
[SourceTitle "hb 2013"]

1. e4 c5 2. Nf3 d6 3. d4 cxd4 4. Nxd4 Nf6 5. Nc3 g6 6. Bb5+ Bd7 7. Bxd7+ Nbxd7 8. Nb3 Bg7 9. O-O O-O 10. Be3 a6 11. Qd2 Ne5 12. Rab1 Nc4 13. Qc1 Nxe3 14. Qxe3 Qc7 15. h3 b5 16. a3 Rfd8 17. Rfd1 e6 18. Qf3 Nd7 19. Qg3 Bxc3 20. Qxc3 Qxc3 21. bxc3 Rac8 22. Rxd6 Nb8 23. Rbd1 Rxd6 24. Rxd6 1/2-1/2

[Event "NAYCC U14"]
[Site "Toronto CAN"]
[Date "2013.08.16"]
[Round "4"]
[White "Lee, Stefano"]
[Black "Balachandran, Shesan"]
[Result "1-0"]
[WhiteElo "922"]
[BlackElo "1227"]
[PlyCount "125"]
[GameId "2160767909284081"]
[EventDate "2013.08.14"]
[EventType "swiss"]
[EventRounds "9"]
[EventCountry "CAN"]
[SourceTitle "hb 2013"]

1. e4 e5 2. Nf3 Nc6 3. Bc4 Nf6 4. d3 Be7 5. O-O O-O 6. c3 d6 7. h3 Na5 8. Bb5 a6 9. Ba4 b5 10. Bc2 c5 11. Re1 Nc6 12. Nbd2 a5 13. Nf1 Re8 14. Ng3 b4 15. Be3 Bb7 16. Qd2 Bc8 17. Ba4 Qc7 18. d4 Rd8 19. d5 Na7 20. c4 Rb8 21. Bd1 Bf8 22. Nh4 g6 23. Nf3 Bd7 24. h4 Bg4 25. Nh2 Qc8 26. Bg5 Bg7 27. Bxf6 Bxf6 28. Nxg4 Bxh4 29. Qh6 Be7 30. Kh2 Rd7 31. Rh1 Qd8 32. Kg1 Bg5 33. Qxh7+ Kf8 34. Qh8+ Ke7 35. Qxd8+ Rdxd8 36. Kf1 Rh8 37. Bc2 Bf4 38. Ke2 a4 39. Rxh8 Rxh8 40. Rh1 Rxh1 41. Nxh1 a3 42. bxa3 bxa3 43. g3 Bc1 44. f3 Nc8 45. Nhf2 Nb6 46. Nd3 Bb2 47. Ne3 Bd4 48. Bb3 Kf6 49. Nc2 Kg5 50. Nxd4 exd4 51. Kf2 Nc8 52. Ba4 Ne7 53. Bd7 Kh6 54. f4 Ng8 55. e5 f5 56. exd6 Nf6 57. Nxc5 Kg7 58. Be6 Kf8 59. d7 Ke7 60. d6+ Kxd6 61. d8=Q+ Kxc5 62. Qxf6 Kb4 63. Qxd4 1-0

[Event "NAYCC U14"]
[Site "Toronto CAN"]
[Date "2013.08.16"]
[Round "4"]
[White "Luo, Alan"]
[Black "Chen, George"]
[Result "1-0"]
[WhiteElo "1479"]
[BlackElo "1158"]
[PlyCount "65"]
[GameId "2160767909284082"]
[EventDate "2013.08.14"]
[EventType "swiss"]
[EventRounds "9"]
[EventCountry "CAN"]
[SourceTitle "hb 2013"]

1. e4 e5 2. f4 d5 3. exd5 exf4 4. Nf3 Nf6 5. d4 Nxd5 6. Bc4 Nb6 7. Be2 Bd6 8. O-O O-O 9. c4 N6d7 10. c5 Be7 11. Bxf4 b6 12. cxb6 axb6 13. Nc3 Bb7 14. Nb5 Na6 15. Qc2 c6 16. Nc3 c5 17. dxc5 Bxc5+ 18. Kh1 Qf6 19. Ng5 Qg6 20. Bd3 Qh5 21. Bxh7+ Kh8 22. Bf5 Nb4 23. Qb1 Nf6 24. Nce4 Nxe4 25. Bxe4 Bxe4 26. Qxe4 f6 27. g4 f5 28. gxf5 Rxa2 29. Rxa2 Nxa2 30. Rf3 Re8 31. Rh3 Rxe4 32. Rxh5+ Kg8 33. Nxe4 1-0

[Event "NAYCC U14"]
[Site "Toronto CAN"]
[Date "2013.08.16"]
[Round "4"]
[White "Michelashvili, Alexandre"]
[Black "Zhong, Joey"]
[Result "1/2-1/2"]
[WhiteElo "1759"]
[BlackElo "1901"]
[PlyCount "37"]
[GameId "2160767909284083"]
[EventDate "2013.08.14"]
[EventType "swiss"]
[EventRounds "9"]
[EventCountry "CAN"]
[SourceTitle "hb 2013"]

1. e4 c5 2. c3 d5 3. e5 Nc6 4. d4 e6 5. Nf3 Bd7 6. Be2 f6 7. Bf4 fxe5 8. Nxe5 Nf6 9. Bg5 Be7 10. Bh5+ g6 11. Nxc6 bxc6 12. Bf3 O-O 13. h4 Ne8 14. Bxe7 Qxe7 15. h5 g5 16. Qd2 cxd4 17. cxd4 e5 18. dxe5 Qxe5+ 19. Qe2 1/2-1/2

[Event "NAYCC U14"]
[Site "Toronto CAN"]
[Date "2013.08.16"]
[Round "4"]
[White "Roque Sola, Jose Luis"]
[Black "Wang, Eric1"]
[Result "1/2-1/2"]
[WhiteElo "1747"]
[BlackElo "1870"]
[PlyCount "58"]
[GameId "2160767909284084"]
[EventDate "2013.08.14"]
[EventType "swiss"]
[EventRounds "9"]
[EventCountry "CAN"]
[SourceTitle "EXT 2022"]
[Source "ChessBase"]
[SourceDate "2021.10.06"]
[SourceVersion "1"]
[SourceVersionDate "2021.10.06"]
[SourceQuality "1"]

1. e4 c5 2. Nf3 Nc6 3. d4 cxd4 4. Nxd4 Nf6 5. Nc3 e5 6. Nb3 Bb4 7. f3 O-O 8. Bc4 a6 9. Bd2 Na5 10. Bd5 Nxb3 11. axb3 d6 12. O-O Bc5+ 13. Kh1 Nxd5 14. Nxd5 f5 15. Be3 Bxe3 16. Nxe3 f4 17. Nc4 Rf6 18. Nxe5 Rh6 19. Ng4 Bxg4 20. fxg4 Qh4 21. h3 Rf8 22. Qf3 Rg6 23. Ra5 b5 24. Qf2 Qe7 25. Qe2 h5 26. gxh5 Rg3 27. Rf3 Qh4 28. Rxg3 Qxg3 29. Ra1 f3 1/2-1/2

[Event "NAYCC U14"]
[Site "Toronto CAN"]
[Date "2013.08.16"]
[Round "4"]
[White "Saha, Ananda"]
[Black "Yanchev, Venelin"]
[Result "1-0"]
[WhiteElo "1806"]
[BlackElo "550"]
[PlyCount "89"]
[GameId "2160767909284085"]
[EventDate "2013.08.14"]
[EventType "swiss"]
[EventRounds "9"]
[EventCountry "CAN"]
[SourceTitle "hb 2013"]

1. d4 d5 2. c4 e6 3. Nc3 c5 4. cxd5 exd5 5. e3 c4 6. Nf3 Bb4 7. Bd2 Nf6 8. g3 Bg4 9. Bg2 O-O 10. O-O Qb6 11. Qc2 Ne4 12. Nxe4 dxe4 13. Bxb4 Qxb4 14. Qxe4 Bxf3 15. Bxf3 a6 16. Qxb7 Qxb7 17. Bxb7 Ra7 18. Bd5 Rc8 19. Rac1 Rac7 20. Rc2 c3 21. bxc3 Rxc3 22. Rxc3 Rxc3 23. Rb1 Rc8 24. Rb7 Rf8 25. Bxf7+ Rxf7 26. Rxb8+ Rf8 27. Rxf8+ Kxf8 28. Kf1 Ke7 29. Ke2 Kd6 30. Kd3 Kc6 31. Kc4 h5 32. h4 g6 33. e4 Kd6 34. f4 Ke6 35. d5+ Kd6 36. e5+ Kc7 37. Kc5 Kd7 38. d6 a5 39. Kd5 Ke8 40. e6 Kd8 41. Ke5 Ke8 42. Kf6 Kf8 43. e7+ Ke8 44. Ke6 g5 45. d7# 1-0

[Event "NAYCC U14"]
[Site "Toronto CAN"]
[Date "2013.08.16"]
[Round "4"]
[White "Song, Eric"]
[Black "Nitu, Vladimir"]
[Result "0-1"]
[WhiteElo "1759"]
[BlackElo "1446"]
[PlyCount "130"]
[GameId "2160767909284086"]
[EventDate "2013.08.14"]
[EventType "swiss"]
[EventRounds "9"]
[EventCountry "CAN"]
[SourceTitle "hb 2013"]

1. e4 e6 2. d4 d5 3. Nc3 Nf6 4. Bg5 Be7 5. e5 Nfd7 6. Bxe7 Qxe7 7. f4 a6 8. Nf3 c5 9. Ne2 cxd4 10. Qxd4 Nc6 11. Qd2 f6 12. Ned4 fxe5 13. Nxc6 bxc6 14. fxe5 Nb8 15. c4 a5 16. Rc1 O-O 17. cxd5 cxd5 18. Bd3 Ra7 19. O-O Ba6 20. Bxa6 Rxa6 21. Qe2 Rc6 22. Nd4 Rxf1+ 23. Rxf1 Rc8 24. Qg4 Re8 25. h4 Nd7 26. Re1 Qf7 27. h5 h6 28. Nc6 Rf8 29. Kh2 Qf4+ 30. Qxf4 Rxf4 31. Kg3 Rc4 32. Nxa5 Ra4 33. b4 Rxb4 34. Nb3 Ra4 35. Re2 Kf7 36. Kf3 Ke7 37. Kf2 Kf7 38. g3 Ke7 39. Ke1 Kd8 40. Kd2 Rxa2+ 41. Kd3 Rxe2 42. Kxe2 Nxe5 43. Ke3 Ke7 44. Nd4 Kf6 45. Kf4 g6 46. hxg6 Nxg6+ 47. Ke3 Ne7 48. Nf3 e5 49. g4 e4 50. Nh2 Ke5 51. Nf1 d4+ 52. Kd2 Kf4 53. g5 hxg5 54. Ke2 g4 55. Kf2 Nf5 56. Kg2 Ne3+ 57. Nxe3 Kxe3 58. Kg3 d3 59. Kh2 d2 60. Kg2 d1=Q 61. Kh2 Qe2+ 62. Kg3 Qf3+ 63. Kh2 g3+ 64. Kg1 Qf2+ 65. Kh1 Qh2# 0-1

[Event "NAYCC U14"]
[Site "Toronto CAN"]
[Date "2013.08.16"]
[Round "4"]
[White "Tanenbaum, Zachary Chen"]
[Black "Ye, Hanyuan"]
[Result "1/2-1/2"]
[WhiteElo "2143"]
[BlackElo "1971"]
[PlyCount "49"]
[GameId "2160767909284087"]
[EventDate "2013.08.14"]
[EventType "swiss"]
[EventRounds "9"]
[EventCountry "CAN"]
[SourceTitle "EXT 2022"]
[Source "ChessBase"]
[SourceDate "2021.10.06"]
[SourceVersion "1"]
[SourceVersionDate "2021.10.06"]
[SourceQuality "1"]

1. e4 e6 2. d4 d5 3. Nc3 Nf6 4. Bg5 dxe4 5. Nxe4 Be7 6. Bxf6 Bxf6 7. Nxf6+ Qxf6 8. Nf3 O-O 9. Bd3 c5 10. c3 cxd4 11. Nxd4 e5 12. Ne2 Bf5 13. Bxf5 Qxf5 14. Ng3 Qe6 15. O-O Nc6 16. Qb3 Qxb3 17. axb3 Rad8 18. Rfd1 Rxd1+ 19. Rxd1 Rd8 20. Rxd8+ Nxd8 21. Kf1 Kf8 22. Ke2 a6 23. Kd3 Ke7 24. Ke4 Ke6 25. f3 1/2-1/2

[Event "NAYCC U14"]
[Site "Toronto CAN"]
[Date "2013.08.16"]
[Round "4"]
[White "Valdez Torres, Nestor Josue"]
[Black "Zhang, Jeff"]
[Result "1-0"]
[WhiteElo "1903"]
[BlackElo "1493"]
[PlyCount "89"]
[GameId "2160767909284088"]
[EventDate "2013.08.14"]
[EventType "swiss"]
[EventRounds "9"]
[EventCountry "CAN"]
[SourceTitle "EXT 2022"]
[Source "ChessBase"]
[SourceDate "2021.10.06"]
[SourceVersion "1"]
[SourceVersionDate "2021.10.06"]
[SourceQuality "1"]

1. d4 Nf6 2. c4 g6 3. Nc3 Bg7 4. e4 d6 5. Nf3 O-O 6. Be2 e5 7. O-O Nc6 8. d5 Ne7 9. b4 Nh5 10. Re1 f5 11. c5 Nf6 12. Nd2 f4 13. f3 g5 14. Nc4 Ng6 15. Qb3 Rf7 16. a4 h5 17. Ba3 Bf8 18. Rad1 g4 19. cxd6 cxd6 20. b5 g3 21. h3 Ne8 22. Bf1 Qh4 23. Rd2 Rg7 24. b6 a6 25. Na5 Nh8 26. Red1 Nf7 27. Nc6 Ng5 28. Nxe5 dxe5 29. d6+ Nf7 30. d7 Bxd7 31. Rxd7 Bxa3 32. Qxa3 Rb8 33. Bc4 Qf6 34. Nd5 Qh6 35. Ne7+ Kh7 36. Nf5 Qxb6+ 37. Kh1 Rd8 38. Qa1 Ned6 39. R1xd6 Nxd6 40. Rxg7+ Kh8 41. Rg8+ Rxg8 42. Qxe5+ Kh7 43. Qe7+ Kh8 44. Qf6+ Kh7 45. Qh6# 1-0

[Event "NAYCC U14"]
[Site "Toronto CAN"]
[Date "2013.08.16"]
[Round "4"]
[White "Yaskolko, Alexander"]
[Black "Lei, Sean"]
[Result "0-1"]
[WhiteElo "1720"]
[BlackElo "1310"]
[PlyCount "76"]
[GameId "2160767909284089"]
[EventDate "2013.08.14"]
[EventType "swiss"]
[EventRounds "9"]
[EventCountry "CAN"]
[SourceTitle "hb 2013"]

1. e4 c5 2. d4 cxd4 3. c3 Nf6 4. e5 Nd5 5. Nf3 e6 6. cxd4 d6 7. Bb5+ Nc6 8. O-O Bd7 9. Qe2 Qc7 10. Bc4 Nb6 11. Bb3 Na5 12. Bc2 Nd5 13. Be4 Nb4 14. a3 Nb3 15. axb4 Nxa1 16. Bd2 Nb3 17. Bc3 a5 18. bxa5 Nxa5 19. Ng5 d5 20. Bxh7 Be7 21. Nxf7 Rxh7 22. Qd3 g6 23. Nd6+ Bxd6 24. exd6 Qxd6 25. Qxg6+ Rf7 26. Bd2 Qf8 27. Bh6 Qh8 28. Nd2 Qh7 29. Qh5 O-O-O 30. Ra1 b6 31. b4 Rh8 32. bxa5 Qxh6 33. Rc1+ Kd8 34. Qe5 bxa5 35. Qd6 Qxd2 36. Rb1 Qxf2+ 37. Kh1 Qf1+ 38. Rxf1 Rxf1# 0-1

[Event "NAYCC U14"]
[Site "Toronto CAN"]
[Date "2013.08.16"]
[Round "5"]
[White "Aghamalian, Derick"]
[Black "Luo, Alan"]
[Result "0-1"]
[WhiteElo "1722"]
[BlackElo "1479"]
[PlyCount "40"]
[GameId "2160767909284090"]
[EventDate "2013.08.14"]
[EventType "swiss"]
[EventRounds "9"]
[EventCountry "CAN"]
[SourceTitle "EXT 2022"]
[Source "ChessBase"]
[SourceDate "2021.10.06"]
[SourceVersion "1"]
[SourceVersionDate "2021.10.06"]
[SourceQuality "1"]

1. e4 e5 2. Nf3 d6 3. d4 Nf6 4. Nc3 Nbd7 5. Bc4 Be7 6. Ng5 O-O 7. Bxf7+ Rxf7 8. Ne6 Qe8 9. Nxc7 Qd8 10. Nxa8 b6 11. d5 Ba6 12. Nxb6 Qxb6 13. f3 Ng4 14. Qd2 Rxf3 15. g3 h6 16. Nd1 Bg5 17. Qg2 Qb4+ 18. Nc3 Rxc3 19. Bxg5 hxg5 20. Qd2 Qxe4+ 0-1

[Event "NAYCC U14"]
[Site "Toronto CAN"]
[Date "2013.08.16"]
[Round "5"]
[White "Balachandran, Shesan"]
[Black "Katznelson, Roy"]
[Result "1-0"]
[WhiteElo "1227"]
[BlackElo "998"]
[PlyCount "41"]
[GameId "2160767909284091"]
[EventDate "2013.08.14"]
[EventType "swiss"]
[EventRounds "9"]
[EventCountry "CAN"]
[SourceTitle "EXT 2022"]
[Source "ChessBase"]
[SourceDate "2021.10.06"]
[SourceVersion "1"]
[SourceVersionDate "2021.10.06"]
[SourceQuality "1"]

1. c4 e5 2. Nc3 Nf6 3. g3 d5 4. cxd5 Nxd5 5. Bg2 Be6 6. d3 Bb4 7. Bd2 Nc6 8. Nf3 O-O 9. O-O Nxc3 10. bxc3 Bc5 11. Ng5 Re8 12. Kh1 Bd5 13. Qc1 Bxg2+ 14. Kxg2 h6 15. Ne4 Be7 16. f4 Rf8 17. f5 Qd5 18. Bxh6 gxh6 19. Qxh6 b5 20. f6 Bc5 21. Qg7# 1-0

[Event "NAYCC U14"]
[Site "Toronto CAN"]
[Date "2013.08.16"]
[Round "5"]
[White "Bellissimo, Joseph"]
[Black "Karp, Eli"]
[Result "1-0"]
[WhiteElo "1999"]
[BlackElo "1843"]
[PlyCount "37"]
[GameId "2160767909284092"]
[EventDate "2013.08.14"]
[EventType "swiss"]
[EventRounds "9"]
[EventCountry "CAN"]
[SourceTitle "EXT 2022"]
[Source "ChessBase"]
[SourceDate "2021.10.06"]
[SourceVersion "1"]
[SourceVersionDate "2021.10.06"]
[SourceQuality "1"]

1. e4 e6 2. d4 d5 3. e5 c5 4. c3 Nc6 5. Nf3 Qb6 6. a3 Bd7 7. b4 cxd4 8. cxd4 a5 9. b5 Na7 10. Nc3 Rc8 11. Bb2 Nxb5 12. Nxb5 Bxb5 13. Qb3 Bxf1 14. Qxb6 Bxg2 15. Qb5+ Kd8 16. Ng5 Bxh1 17. Nxf7+ Ke7 18. Nxh8 Rc7 19. Bc1 1-0

[Event "NAYCC U14"]
[Site "Toronto CAN"]
[Date "2013.08.16"]
[Round "5"]
[White "Bian, Alex"]
[Black "Graif, William"]
[Result "0-1"]
[WhiteElo "2059"]
[BlackElo "2096"]
[PlyCount "150"]
[GameId "2160767909284093"]
[EventDate "2013.08.14"]
[EventType "swiss"]
[EventRounds "9"]
[EventCountry "CAN"]
[SourceTitle "EXT 2022"]
[Source "ChessBase"]
[SourceDate "2021.10.06"]
[SourceVersion "1"]
[SourceVersionDate "2021.10.06"]
[SourceQuality "1"]

1. e4 c5 2. Nc3 Nc6 3. f4 g6 4. Nf3 Bg7 5. Bb5 Nd4 6. O-O e6 7. d3 Ne7 8. Nxd4 Bxd4+ 9. Kh1 Bg7 10. e5 a6 11. Ba4 b5 12. Bb3 d5 13. exd6 Qxd6 14. Qf3 Rb8 15. Ne4 Qc7 16. Qf2 Bd4 17. Be3 Nf5 18. Bxd4 cxd4 19. c3 dxc3 20. bxc3 O-O 21. g4 Bb7 22. Kg1 Bxe4 23. dxe4 Nd6 24. Rae1 Qxc3 25. e5 Nc4 26. Rc1 Qh3 27. Bxc4 Qxg4+ 28. Qg3 Qxg3+ 29. hxg3 bxc4 30. Rxc4 Rfc8 31. Ra4 Rb6 32. Rf2 Kg7 33. Rd4 Rcb8 34. Rfd2 Rb1+ 35. Kg2 R8b2 36. Rd6 Rxd2+ 37. Rxd2 Rb5 38. Kf3 g5 39. Rd3 gxf4 40. gxf4 Kg6 41. Rd1 Rb2 42. Rg1+ Kh6 43. Rh1+ Kg7 44. Rg1+ Kh8 45. Ra1 a5 46. a3 Rb3+ 47. Ke4 a4 48. f5 exf5+ 49. Kxf5 h6 50. Kf6 Rf3+ 51. Ke7 Kh7 52. Rd1 Kg6 53. Rd6+ Kg5 54. Ra6 Rf4 55. Ra5 Kg4 56. Ra6 h5 57. Rf6 Rf5 58. Rxf7 Rxe5+ 59. Kd6 Re3 60. Rg7+ Kh3 61. Kc5 Rxa3 62. Kb4 Rg3 63. Rh7 Rg4+ 64. Ka3 h4 65. Rh8 Kg2 66. Rc8 h3 67. Rc2+ Kh1 68. Rc1+ Rg1 69. Rc8 h2 70. Rc2 Rf1 71. Rc8 Kg2 72. Rg8+ Kf2 73. Rf8+ Ke2 74. Re8+ Kd3 75. Rd8+ Ke4 0-1

[Event "NAYCC U14"]
[Site "Toronto CAN"]
[Date "2013.08.16"]
[Round "5"]
[White "Chen, George"]
[Black "Baskaran, Karthik"]
[Result "0-1"]
[WhiteElo "1158"]
[BlackElo "1382"]
[PlyCount "80"]
[GameId "2160767909284094"]
[EventDate "2013.08.14"]
[EventType "swiss"]
[EventRounds "9"]
[EventCountry "CAN"]
[SourceTitle "EXT 2022"]
[Source "ChessBase"]
[SourceDate "2021.10.06"]
[SourceVersion "1"]
[SourceVersionDate "2021.10.06"]
[SourceQuality "1"]

1. e4 c5 2. Nf3 d6 3. d3 Nc6 4. g3 Nf6 5. Bg2 g6 6. O-O Bg7 7. Nbd2 O-O 8. Re1 Bg4 9. h3 Bd7 10. c3 Qc8 11. h4 Bh3 12. d4 Bg4 13. Nf1 cxd4 14. cxd4 Ne8 15. Be3 Nf6 16. Bg5 h6 17. Bf4 e5 18. dxe5 dxe5 19. Bd2 Rd8 20. N1h2 Be6 21. Rc1 Bxa2 22. b3 Qe6 23. Re3 Nd4 24. Nxd4 exd4 25. Rd3 Nxe4 26. Ba5 b6 27. Bb4 Rac8 28. Qe2 Nc3 29. Qxe6 fxe6 30. Bxc3 dxc3 31. Re3 Bxb3 32. Bh3 Rd6 33. Nf3 Rcc6 34. Ne5 Bxe5 35. Rxe5 c2 36. Bg4 h5 37. Bf3 Rc8 38. Rb5 Ba4 39. Rb4 b5 40. Kg2 a5 0-1